70s or 80s song - Statistics

General Stats
  • This quiz has been taken 85 times
  • The average score is 9 of 11
Answer Stats
Question Answer % Correct
Never Gonna Give You Up-Rick Astley 80s
100%
Sweet Child O' Mine-Guns N' Roses 80s
93%
American Pie-Don Mclean 70s
86%
Take On Me-Aha 80s
86%
Beat It-Micheal Jackson 80s
86%
Seven Nation Army-The White Stripes Neither
86%
Mr. Blue Sky-Electric Light Orchestra 70s
71%
Let It Be-The Beatles 70s
71%
Africa-Toto 80s
71%
Paranoid-Black Sabbath 70s
57%
Tequila-The Champs Neither
50%
No matching quizzes found
Score Distribution
Percent of People with Each Score
Percentile by Number Answered
Your Score History
You have not taken this quiz